102 favorite paintings / (Record no. 147)

MARC details
000 -LEADER
fixed length control field 01018cam a2200301 i 4500
005 - DATE AND TIME OF LATEST TRANSACTION
control field 20260322212008.0
008 - FIXED-LENGTH DATA ELEMENTS--GENERAL INFORMATION
fixed length control field data
010 ## - LIBRARY OF CONGRESS CONTROL NUMBER
LC control number 77026251
020 ## - INTERNATIONAL STANDARD BOOK NUMBER
International Standard Book Number 0896600068
020 ## - INTERNATIONAL STANDARD BOOK NUMBER
International Standard Book Number 9780896600065
040 ## - CATALOGING SOURCE
Original cataloging agency DLC
Transcribing agency DLC
Modifying agency DLC
050 00 - LIBRARY OF CONGRESS CALL NUMBER
Classification number ND237.R68
Item number F556
082 00 - DEWEY DECIMAL CLASSIFICATION NUMBER
Classification number 759.13
092 ## - LOCALLY ASSIGNED DEWEY CALL NUMBER (OCLC)
Classification number 759.13 F556 1978
001 - CONTROL NUMBER
control field data
100 1# - MAIN ENTRY--PERSONAL NAME
Personal name Rockwell, Norman,
Dates associated with a name 1894-1978.
245 10 - TITLE STATEMENT
Title 102 favorite paintings /
Statement of responsibility, etc. Norman Rockwell, Norman Rockwell & Christopher Finch.
260 ## - PUBLICATION, DISTRIBUTION, ETC.
Place of publication, distribution, etc. New York :
Name of publisher, distributor, etc. Crown Publishers,
Date of publication, distribution, etc. c1978.
300 ## - PHYSICAL DESCRIPTION
Extent 157 p. :
Other physical details col. ill. ;
Dimensions 30 cm.
500 ## - GENERAL NOTE
General note "An Artabras book."
500 ## - GENERAL NOTE
General note Includes the material from 50 famous Rockwell favorites.
600 10 - SUBJECT ADDED ENTRY--PERSONAL NAME
Personal name Rockwell, Norman,
Dates associated with a name 1894-1978.
700 1# - ADDED ENTRY--PERSONAL NAME
Personal name Rockwell, Norman,
Dates associated with a name 1894-1978.
Title of a work 50 famous Rockwell favorites. 1978.
700 1# - ADDED ENTRY--PERSONAL NAME
Personal name Finch, Christopher.
906 ## - LOCAL DATA ELEMENT F, LDF (RLIN)
a 7
b cbc
c orignew
d 1
e ocip
f 19
g y-gencatlg
991 ## -
-- c-GenColl
-- ND237.R68
-- F556
-- Copy 1
-- BOOKS
991 ## -
-- c-GenColl
-- ND237.R68
-- F556
-- 00017307009
-- Copy 2
-- CCF
Holdings
Withdrawn status Lost status Damaged status Not for loan Home library Current library Shelving location Date acquired Total checkouts Full call number Barcode Date last seen Price effective from Koha item type
        Pleasant Valley Pleasant Valley General stacks 22/03/2026   759.13 BC0010151 22/03/2026 22/03/2026 Books